MUSIKCHARTS: Deutsche TOP-100-Jahrescharts 1998 - Statistiken

Allgemein
  • Dieses Quiz wurde 130 mal gespielt
  • Das Durchschnittsergebnis liegt bei 32 aus 100
Antwortstatistiken
Platz Interpret Lied % Korrekt
1 Céline Dion My Heart Will Go On
94%
4 Falco Out Of The Dark
92%
34 Falco Egoist
92%
2 Oli. P Flugzeuge im Bauch
83%
22 Scooter How Much Is The Fish?
82%
36 Aqua Doctor Jones
80%
45 Aqua Barbie Girl
80%
92 Aqua My Oh My
80%
21 Modern Talking You're My Heart, You're My Soul '98
79%
10 Céline Dion with the Bee Gees Immortality
78%
51 Guildo Horn & die Orthopädischen Strümpfe Guildo hat euch lieb!
78%
3 Die Ärzte Ein Schwein namens Männer
77%
91 Elton John Candle In The Wind
74%
53 Robbie Williams Angels
71%
19 Spice Girls Viva Forever
69%
13 Cher Believe
65%
12 Madonna Frozen
64%
79 Madonna The Power Of Good-Bye
64%
83 Liquido Narcotic
63%
14 Aerosmith I Don't Want To Miss A Thing
61%
47 Vengaboys Up And Down
61%
58 Vengaboys We Like To Party! (The Vengabus)
61%
9 Loona Bailando
58%
33 Guano Apes Open Your Eyes
52%
80 Guano Apes Lords Of The Boards
52%
24 Natalie Imbruglia Torn
50%
70 Backstreet Boys All I Have To Give
46%
5 Wes Alane
45%
57 Sasha feat. Young Deenay I'm Still Waitin'
41%
60 Young Deenay intr. Sasha Wannabe Your Lover
41%
18 Janet Jackson Together Again
38%
16 Ricky Martin The Cup Of Life
38%
50 Sasha If You Believe
38%
8 Witt / Heppner Die Flut
38%
39 Wolfgang Petry Die längste Single der Welt
38%
44 Die Toten Hosen Pushed Again
37%
94 Rammstein Stripped
31%
96 Rammstein Das Modell
31%
37 Savage Garden Truly Madly Deeply
31%
82 Savage Garden To The Moon And Back
31%
17 Brandy & Monica The Boy Is Mine
29%
56 Eagle-Eye Cherry Save Tonight
29%
6 Run-D.M.C. vs. Jason Nevins It's Like That
29%
89 Xavier Naidoo Nicht von dieser Welt
29%
48 Dr. Motte & WestBam Love Parade 1998 (One World One Future)
28%
29 Boyzone No Matter What
26%
59 The Boyz One Minute
26%
20 Eros Ramazzotti & Tina Turner Cose della vita - Can't Stop Thinking Of You
25%
31 Faithless God Is A DJ
25%
32 Richie Supa Richie
25%
41 Nek Laura non c'è
24%
62 Böhse Onkelz Terpentin
23%
15 Puff Daddy feat. Jimmy Page Come With Me
22%
28 Dario G Carnaval de Paris
21%
76 Dario G Sunchyme
21%
90 Destiny's Child No No No
20%
77 Depeche Mode Only When I Lose Myself
19%
64 Bell Book & Candle Rescue Me
17%
11 Pras Michel feat. ODB & intr. Mýa Ghetto Supastar (That Is What You Are)
17%
54 Mellowbag & Freundeskreis feat. Mr. Gentleman Tabula Rasa
15%
38 Nana Too Much Heaven
15%
46 Nana Remember The Time
15%
30 Franka Potente & Thomas D Wish (Komm zu mir)
14%
97 Lauryn Hill Doo Wop (That Thing)
14%
23 Lighthouse Family High
14%
72 Thomas D / Nina Hagen Solo
14%
26 Music Instructor feat. Flying Steps Super Sonic
13%
93 Music Instructor feat. Triple-M Crew Rock Your Body
13%
27 Des'ree Life
12%
7 4 The Cause Stand By Me
11%
99 All Saints Never Ever
10%
84 Jennifer Paige Crush
10%
63 Midge Ure Breathe
9%
100 Usher You Make Me Wanna...
9%
87 Caught In The Act Baby Come Back
8%
61 Era Ameno
8%
35 K-Ci & JoJo All My Life
8%
49 Espen Lind When Susannah Cries
7%
40 2-4 Family Stay
6%
66 Busta Rhymes Turn It Up / Fire It Up
6%
78 DJ Tonka She Knows You
6%
65 Pappa Bear feat. Van der Toorn When The Rain Begins To Fall
6%
71 Pappa Bear feat. Van der Toorn Cherish
6%
52 Phil Fuldner The Final
6%
25 Young Deenay Walk On By
6%
73 Bravo All Stars Let The Music Heal Your Soul
5%
55 Down Low Once Upon A Time
5%
67 Down Low Johnny B.
5%
81 Dru Hill In My Bed
5%
85 Dru Hill How Deep Is Your Love
5%
69 C-Block Eternal Grace
4%
68 N.Y.C.C. Fight For Your Right (To Party)
4%
74 Christian Wunderlich That's My Way To Say Goodbye
3%
42 DJ Sakin & Friends Protect Your Mind (Braveheart)
3%
88 R'n'G Open Up Your Mind
3%
75 Sqeezer Without You
3%
43 Superboys Ich wünscht' du wärst bei mir
3%
86 Los Umbrellos No tengo dinero
2%
98 Fancy Mega-Mix '98
1%
95 Mark Van Dale with Enrico Water Verve
1%
Keine übereinstimmenden Quizze gefunden
Verteilung der Resultate
Anzahl Personen mit jedem Resultat
Perzentil nach korrekt beantworteten Fragen
Ihre Resultats-Entwicklung
Sie haben dieses Quiz noch nicht gespielt